00575cam a22002411 4500001001300000003000400013005001700017008004100034010001700075025001700092035002000109040002100129042001200150050001800162100002800180245002100208260001200229300001900241500001300260500001300273500003000286999001700316sa 63003798 DLC20260227111944.0950622s1959 pk 000 1 urdo  asa 63003798  aPL480:P-U-38 a(OCoLC)32693316 aDLCcCUdCUdDLC apremarc00aPK2200.A7bR31 aAslam, Muhammad,d1885-10aRang-i shabà„b. c[1959?] a720 p.c18 cm. aIn Urdu. aA novel. aText partially vocalized. c55301d55301